Italie au Concours Eurovision de la Chanson - Statistiques

Statistiques générales
  • Ce quiz a été pris 87 fois
    28 depuis la dernière actualisation
  • Le résultat moyen est 13 sur 16
Statistiques - réponses
Questions Réponses % Correct
Pour la dernière fois en quelle année ? 2021
100%
Combien de fois a-t-elle gagné l'Eurovision ? 3
100%
Combien de fois Domenico Modugno a-t-il représenté son pays au concours ? 3
100%
Avec quelle chanson et/ou interprète ? Zitti e buoni / Måneskin
100%
Depuis quelle année l'Italie participe-t-elle au concours ? 1956
96%
Combien de fois l'Italie a-t-elle terminé à la dernière place ? 1 (en 1966)
96%
Depuis 2010, hors victoire, quel interprète a obtenu la plus haute place ? (plusieurs réponses possibles) Raphaël Gualazzi / Mahmood
92%
L'Italie est réputée pour envoyer des chansons de haute qualité chaque année, et elle est récompensée par le classement final. En moyenne, depuis 2011, quelle est la place qu'atteint la chanson italienne ? 7
85%
Combien de fois s'est-elle retirée du concours ? 19 (notamment entre 1998 et 2010)
81%
Qui a représenté l'Italie au concours en 2024 ? Angelina Mango
81%
A quel pays l'Italie a-t-elle donné le plus de points en finale depuis 1975 ? France
81%
De quel groupe de pays l'Italie fait-elle partie au concours ? Big 5
77%
Quelle chanson, devenue célèbre dans le monde entier, et reprise par de nombreux artistes et ayant reçu 2 Grammy Awards, a représenté l'Italie au concours 1958 ? Nei blu dipinto di blu (Volare)
73%
Et reçu ? Espagne
69%
Quel est le nom du festival qui peut permettre de définir un représentant au concours, et qui a même inspiré la création de l'Eurovision ? Le Festival de Sanremo
54%
Qui a été le premier vainqueur italien de l'Eurovision en 1964 ? Gigliola Cinquetti
50%
Aucun quiz correspondant
Distribution des résultats
% des personnes avec chaque résultat
Percentile par nombre de réponses
Votre historique - résultats
Vous n’avez pas pris ce quiz depuis la dernière actualisation